000 00333nam a2200145Ia 4500
100 _aRamshaw/ R.S.
650 _aElectrical Engineering
942 _cBK
654 _aelectronics
245 _aPower Electronics
260 _bEnglish language book society
_aLondon
_c1979
082 _a621.38
300 _a223
546 _aENGLISH
999 _c25006
_d25006